Statistics for Resident Evil - Weapon Names

Click here to take the quiz!

General Stats

  • This quiz has been taken 23 times
  • The average score is 3 of 8

Answer Stats

HintAnswer% Correct
Standard Combat KnifeCombat Knife
90%
Shoulder Mounted Quad BarrelRocket Launcher
70%
Heavy BazookaBazooka
45%
FlamethrowerFlamethrower
35%
Powerful Magnum HangunColt Python
20%
Standard firearm for S.T.A.R.S.Beretta M92FS
5%
Custom firearm for S.T.A.R.S.Beretta M92FS Custom
5%
Classic Pump Action ShotgunRemington M870
0%

Score Distribution

Percentile by Number Answered

Percent of People with Each Score

Your Score History

You have not taken this quiz